Writings and speeches on economic and political problems (Record no. 344611)

000 -LEADER
fixed length control field 00478cam a22001457a 4500
008 - FIXED-LENGTH DATA ELEMENTS--GENERAL INFORMATION
fixed length control field 180718b1981 xxu||||| |||| 00| 0 eng d
082 ## - DEWEY DECIMAL CLASSIFICATION NUMBER
Classification number T19x54 G117w
100 ## - MAIN ENTRY--PERSONAL NAME
Personal name Gadgil, D.R.
245 ## - TITLE STATEMENT
Title Writings and speeches on economic and political problems
Statement of responsibility, etc. by D. R. Gadgil, edited by Sulabha Brahme
260 ## - PUBLICATION, DISTRIBUTION, ETC.
Place of publication, distribution, etc. Pune
Name of publisher, distributor, etc. Gokhale Institute of Politics and Economics
Date of publication, distribution, etc. 1981
300 ## - PHYSICAL DESCRIPTION
Extent 525p.
650 ## - SUBJECT ADDED ENTRY--TOPICAL TERM
Topical term or geographic name entry element India-Politics
650 ## - SUBJECT ADDED ENTRY--TOPICAL TERM
Topical term or geographic name entry element India-Economic policy
700 ## - ADDED ENTRY--PERSONAL NAME
Personal name Brahme, Sulabha
Holdings
Withdrawn status Lost status Damaged status Not for loan Permanent Location Current Location Date acquired Full call number Barcode Date last seen Price effective from Koha item type
        Indian Institute of Public Administration Indian Institute of Public Administration 1993-10-04 T19x54 G117w 57797 2018-07-21 2018-07-21 Book

Powered by Koha